|
|
|
|
| LEADER |
00980pam a22002778a 4500 |
| 001 |
00021413 |
| 005 |
20171026081023.0 |
| 008 |
110524s2008 ||||||Viesd |
| 041 |
0 |
# |
|a Vie
|
| 082 |
1 |
4 |
|a 959.704 332
|b L557S
|
| 100 |
0 |
# |
|a Vũ Minh Giang
|
| 245 |
0 |
0 |
|a Lược sử vùng đất Nam Bộ - Việt Nam
|c Vũ Minh Giang, Nguyễn Quang Ngọc, Lê Trung Dũng
|
| 250 |
# |
# |
|a In lần 2
|
| 260 |
# |
# |
|a H.
|b Thế giới
|c 2008
|
| 300 |
# |
# |
|a 146 tr.
|c 21 cm.
|
| 500 |
# |
# |
|a Hội khoa học lịch sử Việt Nam
|
| 650 |
# |
4 |
|a Nam Bộ
|
| 653 |
# |
# |
|a Lược sử
|
| 653 |
# |
# |
|a Việt Nam
|
| 700 |
0 |
# |
|a Lê Trung Dũng
|e tác giả
|
| 700 |
0 |
# |
|a Nguyễn Quang Ngọc
|e tác giả
|
| 852 |
# |
# |
|b Kho mượn
|j KM.0003220
|
| 852 |
# |
# |
|b Kho đọc
|j KD.0007158
|
| 852 |
# |
# |
|j KD.0007158
|j KM.0003220
|j KM.0024431
|
| 910 |
0 |
# |
|a nhnam
|d 24/05/2011
|
| 980 |
# |
# |
|a Trung tâm Học liệu Lê Vũ Hùng, Trường Đại học Đồng Tháp
|